000 00723nam a2200217 a 4500
001 16777
003 CO-ViMGA
008 141112s2004 ck r 000 u spa d
020 _a9681850564
040 _aCO-ViMGA
_bspa
_cCO-ViMGA
082 0 4 _a696.1 N171p
100 1 _aNavarro Salas, Rodolfo
_923730
245 1 0 _aGuía Rápida Plomería
260 _aMexico,
_cEditorial Limusa,
_c1995
300 _a80.p.il
505 _aInstalación sanitaria domestica Fregaderos Inodoros Bañeras y Regaderas Calentadores de agua Eliminación de obtrucciones Tubos
590 _aForma de adquisición : Premio Mincultura
650 1 4 _aINGENIERIA DOMESTICA
_923731
650 1 4 _aPLOMERIA - MANTENIMIENTO
_923732
942 _2ddc
_cBK
999 _c26434
_d26434